Journal of financial and economic practice (Record no. 38402)

MARC details
000 -LEADER
fixed length control field 00439nam a2200169Ia 4500
022 ## - INTERNATIONAL STANDARD SERIAL NUMBER
ISSN 19376820
050 ## - CALL MARK
Classification number HG 1 .J64/
245 #0 - TITLE STATEMENT
Title Journal of financial and economic practice
260 ## - PUBLICATION, DISTRIBUTION, ETC. (IMPRINT)
Place of publication Peoria, IL
260 ## - PUBLICATION, DISTRIBUTION, ETC. (IMPRINT)
Name of publisher NACTA
260 ## - PUBLICATION, DISTRIBUTION, ETC. (IMPRINT)
Year of publication 2000
300 ## - PHYSICAL DESCRIPTION
Number of Pages 108 p. : ill. ; 28 cm.
650 ## - SUBJECT ADDED ENTRY--TOPICAL TERM
Topical Term Finance--Periodicals. Economics--Periodicals.
942 ## - ADDED ENTRY ELEMENTS (KOHA)
Koha item type Serials

No items available.